Materials Science & Engineering (Record no. 5621)
[ view plain ]
| 000 -LEADER | |
|---|---|
| fixed length control field | 00308nam a2200133Ia 4500 |
| 008 - FIXED-LENGTH DATA ELEMENTS--GENERAL INFORMATION | |
| fixed length control field | 191201s2012 xx 000 0 und d |
| 100 ## - MAIN ENTRY--PERSONAL NAME | |
| Personal name | RAGHAVAN,V |
| 245 #0 - TITLE STATEMENT | |
| Title | Materials Science & Engineering |
| 250 ## - EDITION STATEMENT | |
| Edition statement | Rep |
| 260 ## - PUBLICATION, DISTRIBUTION, ETC. (IMPRINT) | |
| Place of publication, distribution, etc | N. Delhi |
| Name of publisher, distributor, etc | PHI |
| Date of publication, distribution, etc | 2012 |
| 300 ## - PHYSICAL DESCRIPTION | |
| Extent | 439 |
| 650 ## - SUBJECT ADDED ENTRY--TOPICAL TERM | |
| Topical term or geographic name as entry element | B.Tech(ME) |
| 942 ## - ADDED ENTRY ELEMENTS (KOHA) | |
| Source of classification or shelving scheme | Dewey Decimal Classification |
| Koha item type | Text Books |
| Withdrawn status | Lost status | Source of classification or shelving scheme | Damaged status | Not for loan | Collection code | Home library | Current library | Date acquired | Source of acquisition | Cost, normal purchase price | Bill Number | Total Checkouts | Full call number | Acc. no. / Barcode | Date last seen | Date last borrowed | Bill Date | Koha item type | Actual Cost, discounted price |
|---|---|---|---|---|---|---|---|---|---|---|---|---|---|---|---|---|---|---|---|
| Dewey Decimal Classification | B.Tech(ME) | PIET C-LIBRARY | PIET C-LIBRARY | 05/07/2012 | IBH, New Delhi | 250.00 | 4862 | 1 | 620.11 RAM | 19296 | 09/06/2025 | 29/05/2025 | 03/07/2012 | Text Books | |||||
| Dewey Decimal Classification | B.Tech(ME) | PIET C-LIBRARY | PIET C-LIBRARY | 05/07/2012 | IBH, New Delhi | 250.00 | 4862 | 620.11 RAM | 19297 | 04/12/2019 | 03/07/2012 | Text Books | |||||||
| Dewey Decimal Classification | B.Tech(ME) | PIET C-LIBRARY | PIET C-LIBRARY | 05/07/2012 | IBH, New Delhi | 250.00 | 4862 | 1 | 620.11 RAM | 19298 | 17/02/2020 | 10/02/2020 | 03/07/2012 | Text Books | |||||
| Dewey Decimal Classification | B.Tech(ME) | PIET C-LIBRARY | PIET C-LIBRARY | 05/07/2012 | IBH, New Delhi | 250.00 | 4862 | 620.11 RAM | 19299 | 04/12/2019 | 03/07/2012 | Text Books | |||||||
| Dewey Decimal Classification | B.Tech(ME) | PIET C-LIBRARY | PIET C-LIBRARY | 08/05/2013 | IBH, New Delhi | 250.00 | 1014 | 620.11 RAM | 21688 | 04/12/2019 | 06/05/2013 | Text Books | |||||||
| Dewey Decimal Classification | B.Tech(ME) | PIET C-LIBRARY | PIET C-LIBRARY | 08/05/2013 | IBH, New Delhi | 250.00 | 1014 | 620.11 RAM | 21689 | 04/12/2019 | 06/05/2013 | Text Books | |||||||
| Dewey Decimal Classification | B.Tech(ME) | PIET C-LIBRARY | PIET C-LIBRARY | 08/05/2013 | IBH, New Delhi | 250.00 | 1014 | 1 | 620.11 RAM | 21690 | 01/09/2021 | 14/08/2021 | 06/05/2013 | Text Books | |||||
| Dewey Decimal Classification | B.Tech(ME) | PIET C-LIBRARY | PIET C-LIBRARY | 27/09/2014 | KIRTI PRAKASHAN, NEW DELHI | 250.00 | IN2078 | 620.11 RAM | 25016 | 04/12/2019 | 12/01/2015 | Text Books | 165.00 | ||||||
| Dewey Decimal Classification | B.Tech(ME) | PIET C-LIBRARY | PIET C-LIBRARY | 20/01/2015 | KIRTI PRAKASHAN, NEW DELHI | 250.00 | IN2083 | 1 | 620.11 RAM | 25126 | 09/06/2025 | 29/05/2025 | 12/01/2015 | Text Books | 165.00 |